000 01721cam a22004574i 4500
003 PE-LiUPU
005 20250731173029.0
008 170809s2015 miu rb 000 0 eng d
020 _a0996030530
020 _a9780996030533
035 _a(Sirsi) a238214
040 _aPE-LiUPU
_bspa
_cPE-LiUPU
_erda
049 _aPRUA
082 0 4 _a266.36
_bB5
_220
245 0 0 _aBiblical principles for missiological issues in Africa /
_cBruce L. Bauer and Wagner Kuhn [editores].
264 1 _aBerrien Springs, Michigan :
_bDepartment of World Mission, Andrews University,
_c2015.
300 _axxvii, 506 páginas ;
_c23 centímetros
336 _atext
_2rdacontent
337 _aunmediated
_2rdamedia
338 _avolume
_2rdacarrier
504 _aBibliografía : Al final de cada capítulo.
505 0 _aMission and family issues -- Mission and church growth -- Mission and pastoral care -- Mission and healing -- Mission and church identity.
526 _aSEG42
526 _aSEG41
526 _aSEG40
526 _aSEG39
526 _aP94
526 _aP87
526 _aP86
526 _aP85
526 _aP77
526 _aP76
526 _aP35
650 0 4 _aMisiones
_zAfrica.
910 _ajck
_bncf
_cncf
_d20170808
942 _2ddc
_cBOOK
949 _a266.36 B5
_wDEWEY
_c1
_i76704
_lCCODEBUL1
_mBUL
_p7.00
_r0
_sY
_tBOOK
_u2017-08-08
_xTEOLOGIA
_PP35
_0COMPRA
_o.STAFF. Colección Teología
596 _a1
999 _a266.36 B5
_wDEWEY
_c24916
_i76704
_f2021-11-10
_g4
_lCCODEBUL1
_mBUL
_p7.00
_r0
_sY
_tBOOK
_u2017-8-9
_xTEOLOGIA
_PP35
_0COMPRA
_o.STAFF. Colección Teología
_d24916
980 _81
_gALBERTO SANCHEZ Responsable de Automatización